<?xml version="1.0" encoding="UTF-8"?>
<collection xmlns="http://www.loc.gov/MARC21/slim">
 <record>
  <leader>06963cam a2201129   4500</leader>
  <controlfield tag="001">824773764</controlfield>
  <controlfield tag="003">DE-627</controlfield>
  <controlfield tag="005">20240308173319.0</controlfield>
  <controlfield tag="007">tu</controlfield>
  <controlfield tag="008">150512s2015    xxu|||||      00| ||eng c</controlfield>
  <datafield tag="010" ind1=" " ind2=" ">
   <subfield code="a">  2015013546</subfield>
  </datafield>
  <datafield tag="020" ind1=" " ind2=" ">
   <subfield code="a">9781606064627</subfield>
   <subfield code="c"> : pbk.</subfield>
   <subfield code="9">978-1-60606-462-7</subfield>
  </datafield>
  <datafield tag="020" ind1=" " ind2=" ">
   <subfield code="a">1606064622</subfield>
   <subfield code="c">pbk.</subfield>
   <subfield code="9">1-60606-462-2</subfield>
  </datafield>
  <datafield tag="035" ind1=" " ind2=" ">
   <subfield code="a">(DE-627)824773764</subfield>
  </datafield>
  <datafield tag="035" ind1=" " ind2=" ">
   <subfield code="a">(DE-576)445901284</subfield>
  </datafield>
  <datafield tag="035" ind1=" " ind2=" ">
   <subfield code="a">(DE-599)GBV824773764</subfield>
  </datafield>
  <datafield tag="035" ind1=" " ind2=" ">
   <subfield code="a">(OCoLC)947843606</subfield>
  </datafield>
  <datafield tag="035" ind1=" " ind2=" ">
   <subfield code="a">(OCoLC)908554384</subfield>
  </datafield>
  <datafield tag="040" ind1=" " ind2=" ">
   <subfield code="a">DE-627</subfield>
   <subfield code="b">ger</subfield>
   <subfield code="c">DE-627</subfield>
   <subfield code="e">rda</subfield>
  </datafield>
  <datafield tag="041" ind1=" " ind2=" ">
   <subfield code="a">eng</subfield>
  </datafield>
  <datafield tag="044" ind1=" " ind2=" ">
   <subfield code="c">XD-US</subfield>
  </datafield>
  <datafield tag="050" ind1=" " ind2="0">
   <subfield code="a">DG211</subfield>
  </datafield>
  <datafield tag="082" ind1="0" ind2=" ">
   <subfield code="a">937</subfield>
   <subfield code="q">LOC</subfield>
   <subfield code="2">23</subfield>
  </datafield>
  <datafield tag="084" ind1=" " ind2=" ">
   <subfield code="a">6,12</subfield>
   <subfield code="2">ssgn</subfield>
  </datafield>
  <datafield tag="084" ind1=" " ind2=" ">
   <subfield code="a">6,14</subfield>
   <subfield code="2">ssgn</subfield>
  </datafield>
  <datafield tag="084" ind1=" " ind2=" ">
   <subfield code="a">NF 8575</subfield>
   <subfield code="q">BVB</subfield>
   <subfield code="2">rvk</subfield>
   <subfield code="0">(DE-625)rvk/125319:</subfield>
  </datafield>
  <datafield tag="084" ind1=" " ind2=" ">
   <subfield code="a">NH 8575</subfield>
   <subfield code="q">BVB</subfield>
   <subfield code="2">rvk</subfield>
   <subfield code="0">(DE-625)rvk/125816:</subfield>
  </datafield>
  <datafield tag="084" ind1=" " ind2=" ">
   <subfield code="a">LE 1851</subfield>
   <subfield code="q">BVB</subfield>
   <subfield code="2">rvk</subfield>
   <subfield code="0">(DE-625)rvk/90720:</subfield>
  </datafield>
  <datafield tag="084" ind1=" " ind2=" ">
   <subfield code="a">15.07</subfield>
   <subfield code="2">bkl</subfield>
  </datafield>
  <datafield tag="084" ind1=" " ind2=" ">
   <subfield code="a">15.28</subfield>
   <subfield code="2">bkl</subfield>
  </datafield>
  <datafield tag="245" ind1="1" ind2="0">
   <subfield code="a">Cultural memories in the Roman Empire</subfield>
   <subfield code="c">edited by Karl Galinsky and Kenneth Lapatin</subfield>
  </datafield>
  <datafield tag="264" ind1=" " ind2="1">
   <subfield code="a">Los Angeles</subfield>
   <subfield code="b">The J. Paul Getty Museum</subfield>
   <subfield code="c">[2015]</subfield>
  </datafield>
  <datafield tag="264" ind1=" " ind2="4">
   <subfield code="c">© 2015</subfield>
  </datafield>
  <datafield tag="300" ind1=" " ind2=" ">
   <subfield code="a">xi, 296 Seiten</subfield>
   <subfield code="b">Illustrationen, Karten</subfield>
  </datafield>
  <datafield tag="336" ind1=" " ind2=" ">
   <subfield code="a">Text</subfield>
   <subfield code="b">txt</subfield>
   <subfield code="2">rdacontent</subfield>
  </datafield>
  <datafield tag="336" ind1=" " ind2=" ">
   <subfield code="a">unbewegtes Bild</subfield>
   <subfield code="b">sti</subfield>
   <subfield code="2">rdacontent</subfield>
  </datafield>
  <datafield tag="337" ind1=" " ind2=" ">
   <subfield code="a">ohne Hilfsmittel zu benutzen</subfield>
   <subfield code="b">n</subfield>
   <subfield code="2">rdamedia</subfield>
  </datafield>
  <datafield tag="338" ind1=" " ind2=" ">
   <subfield code="a">Band</subfield>
   <subfield code="b">nc</subfield>
   <subfield code="2">rdacarrier</subfield>
  </datafield>
  <datafield tag="500" ind1=" " ind2=" ">
   <subfield code="a">Includes bibliographical references</subfield>
  </datafield>
  <datafield tag="505" ind1="8" ind2="0">
   <subfield code="t">Kaleidoscopes and the spinning of memory in the eastern Roman Empire</subfield>
   <subfield code="r">Susan AlcockMonument and memory in Ancient Greece and Rome: a comparative perspective / Rachel Kousser</subfield>
  </datafield>
  <datafield tag="505" ind1="8" ind2="0">
   <subfield code="t">The mnemology of empire and resistance: memory, oblivion, and periegesis in imperial Greek culture</subfield>
   <subfield code="r">Tim Whitmarsh</subfield>
  </datafield>
  <datafield tag="505" ind1="8" ind2="0">
   <subfield code="t">Honorific statues and the formation of a Roman memoryscape in the later Roman Empire</subfield>
   <subfield code="r">John Weisweiler</subfield>
  </datafield>
  <datafield tag="505" ind1="8" ind2="0">
   <subfield code="t">Ritual and memory: Hellenistic ruler cults in the Roman Empire</subfield>
   <subfield code="r">Carlos Noreña</subfield>
  </datafield>
  <datafield tag="505" ind1="8" ind2="0">
   <subfield code="t">Cultural memory, religious practice, and the invention of tradition: some thoughts on philostratus's account of the cult of palaemon</subfield>
   <subfield code="r">Jaś Elsner</subfield>
  </datafield>
  <datafield tag="505" ind1="8" ind2="0">
   <subfield code="t">Shaping the memory at early Christian cult sites: conspicuous antiquity and the rhetoric of renovation at Rome, Cimitile-Nola, and Poreč</subfield>
   <subfield code="r">Ann Marie Yasin</subfield>
  </datafield>
  <datafield tag="505" ind1="8" ind2="0">
   <subfield code="t">The Homeric Memory Culture of Roman Ilion</subfield>
   <subfield code="r">C. Brian Rose</subfield>
  </datafield>
  <datafield tag="505" ind1="8" ind2="0">
   <subfield code="t">From the individual to the collective: memory practices on religious sites in Roman Britain</subfield>
   <subfield code="r">Zena Kamash</subfield>
  </datafield>
  <datafield tag="505" ind1="8" ind2="0">
   <subfield code="t">Looking for memories in the Roman West: a case study from Iberia</subfield>
   <subfield code="r">Alicia Jiménez</subfield>
  </datafield>
  <datafield tag="505" ind1="8" ind2="0">
   <subfield code="t">Kings from the deep: the Lydian Lakes and the archaeological imagination</subfield>
   <subfield code="r">Felipe Rojas</subfield>
  </datafield>
  <datafield tag="505" ind1="8" ind2="0">
   <subfield code="t">Mars and memory</subfield>
   <subfield code="r">Greg Woolf</subfield>
  </datafield>
  <datafield tag="505" ind1="8" ind2="0">
   <subfield code="t">Conflict, culture, and concord: some observations on alternative memory in Ancient Rome</subfield>
   <subfield code="r">Steven Rutledge</subfield>
  </datafield>
  <datafield tag="505" ind1="8" ind2="0">
   <subfield code="t">The multivalence of memory: the tetrarchs, the Senate, and the Vicennalia monument in the Roman Forum</subfield>
   <subfield code="r">Elizabeth Marlowe.</subfield>
  </datafield>
  <datafield tag="520" ind1=" " ind2=" ">
   <subfield code="a">&quot;Fifteen essays address the cultural artifacts of ancient Rome through the lens of memory studies, bringing together such diverse disciplines as art and archeology, history, religion, literature, sociology, media studies, and neuroscience&quot;--Provided by publisher</subfield>
  </datafield>
  <datafield tag="520" ind1=" " ind2=" ">
   <subfield code="a">&quot;Fifteen essays address the cultural artifacts of ancient Rome through the lens of memory studies, bringing together such diverse disciplines as art and archeology, history, religion, literature, sociology, media studies, and neuroscience&quot;--Provided by publisher</subfield>
  </datafield>
  <datafield tag="583" ind1="1" ind2=" ">
   <subfield code="a">Archivierung/Langzeitarchivierung gewährleistet</subfield>
   <subfield code="f">SSG</subfield>
   <subfield code="x">XA-DE-BW</subfield>
   <subfield code="2">pdager</subfield>
   <subfield code="5">DE-16</subfield>
  </datafield>
  <datafield tag="650" ind1=" " ind2="0">
   <subfield code="a">Memory</subfield>
   <subfield code="x">Social aspects</subfield>
   <subfield code="z">Rome</subfield>
   <subfield code="x">History</subfield>
  </datafield>
  <datafield tag="650" ind1=" " ind2="0">
   <subfield code="a">Memory</subfield>
   <subfield code="x">Social aspects</subfield>
   <subfield code="z">Italy</subfield>
   <subfield code="z">Rome</subfield>
   <subfield code="x">History</subfield>
  </datafield>
  <datafield tag="650" ind1=" " ind2="0">
   <subfield code="a">Collective memory</subfield>
   <subfield code="z">Rome</subfield>
   <subfield code="x">History</subfield>
  </datafield>
  <datafield tag="650" ind1=" " ind2="0">
   <subfield code="a">Collective memory</subfield>
   <subfield code="z">Italy</subfield>
   <subfield code="z">Rome</subfield>
   <subfield code="x">History</subfield>
  </datafield>
  <datafield tag="650" ind1=" " ind2="0">
   <subfield code="a">Memory</subfield>
   <subfield code="x">Social aspects</subfield>
   <subfield code="x">History</subfield>
   <subfield code="x">Rome</subfield>
  </datafield>
  <datafield tag="650" ind1=" " ind2="0">
   <subfield code="a">Memory</subfield>
   <subfield code="x">Social aspects</subfield>
   <subfield code="x">History</subfield>
   <subfield code="x">Italy</subfield>
   <subfield code="x">Rome</subfield>
  </datafield>
  <datafield tag="650" ind1=" " ind2="0">
   <subfield code="a">Collective memory</subfield>
   <subfield code="x">History</subfield>
   <subfield code="x">Rome</subfield>
  </datafield>
  <datafield tag="650" ind1=" " ind2="0">
   <subfield code="a">Collective memory</subfield>
   <subfield code="x">History</subfield>
   <subfield code="x">Italy</subfield>
   <subfield code="x">Rome</subfield>
  </datafield>
  <datafield tag="650" ind1=" " ind2="0">
   <subfield code="a">Collective memory</subfield>
  </datafield>
  <datafield tag="650" ind1=" " ind2="0">
   <subfield code="a">Manners and customs</subfield>
  </datafield>
  <datafield tag="650" ind1=" " ind2="0">
   <subfield code="a">Memory</subfield>
   <subfield code="x">Social aspects</subfield>
  </datafield>
  <datafield tag="651" ind1=" " ind2="0">
   <subfield code="a">Rome</subfield>
   <subfield code="x">Social life and customs</subfield>
  </datafield>
  <datafield tag="651" ind1=" " ind2="0">
   <subfield code="a">Rome (Italy)</subfield>
   <subfield code="x">Social life and customs</subfield>
  </datafield>
  <datafield tag="651" ind1=" " ind2="0">
   <subfield code="a">Rome</subfield>
   <subfield code="x">Social life and customs</subfield>
  </datafield>
  <datafield tag="651" ind1=" " ind2="0">
   <subfield code="a">Rome (Italy)</subfield>
   <subfield code="x">Social life and customs</subfield>
   <subfield code="x">Italy</subfield>
   <subfield code="x">Rome</subfield>
   <subfield code="x">Rome (Empire)</subfield>
   <subfield code="x">History</subfield>
  </datafield>
  <datafield tag="655" ind1=" " ind2="7">
   <subfield code="a">Aufsatzsammlung</subfield>
   <subfield code="0">(DE-588)4143413-4</subfield>
   <subfield code="0">(DE-627)105605727</subfield>
   <subfield code="0">(DE-576)209726091</subfield>
   <subfield code="2">gnd-content</subfield>
  </datafield>
  <datafield tag="689" ind1="0" ind2="0">
   <subfield code="d">g</subfield>
   <subfield code="0">(DE-588)4076778-4</subfield>
   <subfield code="0">(DE-627)106082094</subfield>
   <subfield code="0">(DE-576)209202882</subfield>
   <subfield code="a">Römisches Reich</subfield>
   <subfield code="2">gnd</subfield>
  </datafield>
  <datafield tag="689" ind1="0" ind2="1">
   <subfield code="d">s</subfield>
   <subfield code="0">(DE-588)4200793-8</subfield>
   <subfield code="0">(DE-627)105170925</subfield>
   <subfield code="0">(DE-576)210137975</subfield>
   <subfield code="a">Kollektives Gedächtnis</subfield>
   <subfield code="2">gnd</subfield>
  </datafield>
  <datafield tag="689" ind1="0" ind2=" ">
   <subfield code="5">DE-101</subfield>
  </datafield>
  <datafield tag="689" ind1="1" ind2="0">
   <subfield code="d">g</subfield>
   <subfield code="0">(DE-588)4076778-4</subfield>
   <subfield code="0">(DE-627)106082094</subfield>
   <subfield code="0">(DE-576)209202882</subfield>
   <subfield code="a">Römisches Reich</subfield>
   <subfield code="2">gnd</subfield>
  </datafield>
  <datafield tag="689" ind1="1" ind2="1">
   <subfield code="d">s</subfield>
   <subfield code="0">(DE-588)4200793-8</subfield>
   <subfield code="0">(DE-627)105170925</subfield>
   <subfield code="0">(DE-576)210137975</subfield>
   <subfield code="a">Kollektives Gedächtnis</subfield>
   <subfield code="2">gnd</subfield>
  </datafield>
  <datafield tag="689" ind1="1" ind2=" ">
   <subfield code="5">(DE-627)</subfield>
  </datafield>
  <datafield tag="700" ind1="1" ind2=" ">
   <subfield code="a">Galinsky, Karl</subfield>
   <subfield code="d">1942-</subfield>
   <subfield code="e">HerausgeberIn</subfield>
   <subfield code="0">(DE-588)118144332</subfield>
   <subfield code="0">(DE-627)079269532</subfield>
   <subfield code="0">(DE-576)164602674</subfield>
   <subfield code="4">edt</subfield>
  </datafield>
  <datafield tag="700" ind1="1" ind2=" ">
   <subfield code="a">Lapatin, Kenneth D. S.</subfield>
   <subfield code="d">1961-</subfield>
   <subfield code="e">HerausgeberIn</subfield>
   <subfield code="0">(DE-588)134297156</subfield>
   <subfield code="0">(DE-627)566670631</subfield>
   <subfield code="0">(DE-576)300431643</subfield>
   <subfield code="4">edt</subfield>
  </datafield>
  <datafield tag="710" ind1="2" ind2=" ">
   <subfield code="a">J. Paul Getty Museum</subfield>
   <subfield code="b">Department of Antiquities</subfield>
   <subfield code="e">Herausgebendes Organ</subfield>
   <subfield code="0">(DE-588)5051692-9</subfield>
   <subfield code="0">(DE-627)104035714</subfield>
   <subfield code="0">(DE-576)193776049</subfield>
   <subfield code="4">isb</subfield>
  </datafield>
  <datafield tag="710" ind1="2" ind2=" ">
   <subfield code="a">J. Paul Getty Museum</subfield>
   <subfield code="e">Herausgebendes Organ</subfield>
   <subfield code="0">(DE-588)19128-0</subfield>
   <subfield code="0">(DE-627)100589723</subfield>
   <subfield code="0">(DE-576)19027591X</subfield>
   <subfield code="4">isb</subfield>
  </datafield>
  <datafield tag="787" ind1="0" ind2="8">
   <subfield code="i">Rezensiert in</subfield>
   <subfield code="a">Benoist, Stéphane, 1962 - </subfield>
   <subfield code="t">[Rezension von: Karl Galinsky (Hrsg.), Cultural memories in the Roman Empire]</subfield>
   <subfield code="d">2017</subfield>
   <subfield code="w">(DE-627)1814250239</subfield>
  </datafield>
  <datafield tag="856" ind1="4" ind2="2">
   <subfield code="u">http://www.h-net.org/reviews/showrev.php?id=46923</subfield>
   <subfield code="v">2016-08-23</subfield>
   <subfield code="x">Verlag</subfield>
   <subfield code="y">Book review (H-Net)</subfield>
  </datafield>
  <datafield tag="856" ind1="4" ind2="2">
   <subfield code="u">https://swbplus.bsz-bw.de/bsz445901284inh.htm</subfield>
   <subfield code="m">B:DE-576;DE-16</subfield>
   <subfield code="q">application/pdf</subfield>
   <subfield code="v">20160518123005</subfield>
   <subfield code="x">Verlag</subfield>
   <subfield code="3">Inhaltsverzeichnis</subfield>
  </datafield>
  <datafield tag="935" ind1=" " ind2=" ">
   <subfield code="i">Blocktest</subfield>
  </datafield>
  <datafield tag="936" ind1="r" ind2="v">
   <subfield code="a">NF 8575</subfield>
   <subfield code="b">Kulturgeschichte</subfield>
   <subfield code="k">Geschichte</subfield>
   <subfield code="k">Ur- und Frühgeschichte / Prähistorische Archäologie</subfield>
   <subfield code="k">Archäologie der übrigen Welt</subfield>
   <subfield code="k">Archäologie Amerikas / Altamerikanistik</subfield>
   <subfield code="k">Mittelamerika inkl. Karibischer Inseln</subfield>
   <subfield code="k">Kulturgeschichte</subfield>
   <subfield code="0">(DE-627)155116101X</subfield>
   <subfield code="0">(DE-625)rvk/125319:</subfield>
   <subfield code="0">(DE-576)481161015</subfield>
  </datafield>
  <datafield tag="936" ind1="r" ind2="v">
   <subfield code="a">NH 8575</subfield>
   <subfield code="b">Kulturgeschichte</subfield>
   <subfield code="k">Geschichte</subfield>
   <subfield code="k">Griechisch-römische Geschichte</subfield>
   <subfield code="k">Römische Geschichte</subfield>
   <subfield code="k">Teilbereiche der römischen Geschichte</subfield>
   <subfield code="k">Kulturgeschichte</subfield>
   <subfield code="0">(DE-627)1271456885</subfield>
   <subfield code="0">(DE-625)rvk/125816:</subfield>
   <subfield code="0">(DE-576)201456885</subfield>
  </datafield>
  <datafield tag="936" ind1="r" ind2="v">
   <subfield code="a">LE 1851</subfield>
   <subfield code="b">Einmalige Kongresse</subfield>
   <subfield code="k">Klassische Archäologie</subfield>
   <subfield code="k">Handbücher und Sammelwerke</subfield>
   <subfield code="k">Kongressberichte</subfield>
   <subfield code="k">Einmalige Kongresse</subfield>
   <subfield code="0">(DE-627)1274759560</subfield>
   <subfield code="0">(DE-625)rvk/90720:</subfield>
   <subfield code="0">(DE-576)204759560</subfield>
  </datafield>
  <datafield tag="936" ind1="b" ind2="k">
   <subfield code="a">15.07</subfield>
   <subfield code="j">Kulturgeschichte</subfield>
   <subfield code="0">(DE-627)181569620</subfield>
  </datafield>
  <datafield tag="936" ind1="b" ind2="k">
   <subfield code="a">15.28</subfield>
   <subfield code="j">Römisches Reich</subfield>
   <subfield code="0">(DE-627)106405128</subfield>
  </datafield>
  <datafield tag="951" ind1=" " ind2=" ">
   <subfield code="a">BO</subfield>
  </datafield>
  <datafield tag="990" ind1=" " ind2=" ">
   <subfield code="a">Römisches Reich</subfield>
  </datafield>
  <datafield tag="990" ind1=" " ind2=" ">
   <subfield code="a">Kollektives Gedächtnis</subfield>
  </datafield>
  <datafield tag="990" ind1=" " ind2=" ">
   <subfield code="a">Römisches Reich</subfield>
  </datafield>
  <datafield tag="990" ind1=" " ind2=" ">
   <subfield code="a">Kollektives Gedächtnis</subfield>
  </datafield>
  <datafield tag="991" ind1=" " ind2=" ">
   <subfield code="a">Rezensiertes Werk</subfield>
  </datafield>
  <datafield tag="999" ind1=" " ind2=" ">
   <subfield code="a">KXP-PPN824773764</subfield>
   <subfield code="e">4179773643</subfield>
  </datafield>
 </record>
</collection>
